Word Ladder: Unhinged Quiz Stats

 Plays Quiz Updated Oct 17, 2012

Support Sporcle.
Go Orange.
Score 0/12 Timer 01:00
0 Plays Today
Clue 4-Letter Word % Correct
Not richPOOR
99.2%
The ____ the merrierMORE
94.5%
To spill with controlPOUR
92.5%
A female horseMARE
91.1%
★ It's usually connected to a [last rung] by hinges ★★ DOOR ★
86%
Opposite of starboardPORT
85.9%
Painful or achingSORE
84.3%
To arrange into groupsSORT
83.4%
Sometimes this is an expression of petulant annoyancePOUT
80.9%
Letters found after silver-, hard- or be-WARE
69.1%
★ It's usually connected to a [first rung] by hinges ★★ WALL ★
29.7%
A ridge on a textured woven fabric such as corduroyWALE
28.2%

Today's Daily Dose

Word Ladder
Math Aid

Get the Picture
Warrior Women

You're not logged in!

Compare scores with friends on all Sporcle quizzes.
OR
Log In
Forgot?

From the Vault

'Far Over The Misty Mountains Cold' Lyrics

by Oren

If this song didn't inspire Bilbo to go on an adventure with a troop of dwarves, we don't know what would.
Remove Ads.
Support Sporcle.
Get the best of Sporcle when you Go Orange. This ad-free experience offers more features, more stats, and more fun while also helping to support Sporcle. Thank you for becoming a member.

Show Comments

Extras

Top Quizzes Today


Score Distribution

Your Account Isn't Verified!

In order to create a playlist on Sporcle, you need to verify the email address you used during registration. Go to your Sporcle Settings to finish the process.

Report this User

Report this user for behavior that violates our Community Guidelines.

Details: